01480nab a22002417a 4500999001500000003000400015005001700019008004100036040000700077100002700084245013300111260007300244300001500317500004300332505048000375505009000855650003500945650002800980650003301008650003801041773014601079942001301225 c5441d5441OSt20250909104638.0190604e xxu||||| |||| 00| 0 spa d cPJ aPedraza, Marco 9627013aAtribución del uso de la vivienda familiar :bluces, sombras e interrogantes de una regulación perfectible /cMarco Pedraza. aCiudad Autónoma de Buenos Aires :bThomson Reuters La Ley, c2025. ap. 137-157 aCita Online: TR LALEY AR/DOC/37/2025.  aSumario: I. Palabras introductorias.— II. Un necesario punto de partida: la atribución del uso de la vivienda familiar como efecto del divorcio o del cese de la unión convivencial. Concepto y ubicación metodológica.— III. La atribución del uso de la vivienda familiar como efecto del divorcio.— IV. La atribución del uso de la vivienda como efecto del cese de la unión convivencial: una protección rígida, endeble y precaria.— V. Palabras finales.  t¿Te interesa el texto completo? Solicitalo al correo: koha@justierradelfuego.gov.ar  091497aCODIGO CIVIL Y COMERCIAL 095362aVIVIENDA FAMILIAR 091053aUNIONES CONVIVENCIALES 095573aATRIBUCIÓN DE LA VIVIENDA0 0271493171dCiudad Autónoma de Buenos Aires : Thomson Reuters La Ley, 2014-tRevista anales de legislación argentina. Nº 4 - Abril 2025. 2udccANA